[Event "Pavlodar op"]
[Site "Pavlodar"]
[Date "2015.12.11"]
[Round "6"]
[White "Kurmanbayev, Yerken"]
[Black "Davletbayeva, Madina"]
[Result "0-1"]
[WhiteElo "2188"]
[BlackElo "2266"]
[PlyCount "86"]
[EventDate "2015.12.07"]
[EventType "swiss"]
[EventRounds "10"]
[EventCountry "KAZ"]
[SourceTitle "EXT 2017"]
[Source "ChessBase"]
[SourceDate "2016.10.25"]
[SourceVersion "1"]
[SourceVersionDate "2016.10.25"]
[SourceQuality "1"]

1. e4 Nf6 2. e5 Nd5 3. d4 d6 4. Nf3 g6 5. Bc4 c6 6. 0-0 Bg7 7. Re1 0-0 8. Qe2 Bg4 9. Nbd2 dxe5 10. dxe5 Nd7 11. h3 Bxf3 12. Nxf3 e6 13. Bg5 Qb6 14. c3 a5 15. Rad1 Rae8 16. Rd4 Qc7 17. Bc1 b5 18. Bb3 a4 19. Bc2 Qa7 20. a3 N5b6 21. Red1 Qc7 22. Bf4 Nd5 23. Bg3 N7b6 24. Rh4 Qe7 25. Nd2 Rd8 26. Rd4 c5 27. Re4 Qe8 28. Bh4 Rb8 29. Bg5 Nd7 30. c4 N5b6 31. cxb5 Nxe5 32. Rxe5 Bxe5 33. Qxe5 f6 34. Qxc5 fxg5 35. Ne4 Qc8 36. Rd6 Qxc5 37. Nxc5 Rfc8 38. Na6 Nc4 39. Rc6 Rxc6 40. bxc6 Rxb2 41. c7 Nb6 42. Bxa4 Rb1+ 43. Kh2 Rc1 0-1

[Event "Pavlodar op"]
[Site "Pavlodar"]
[Date "2014.12.02"]
[Round "3"]
[White "Kostenko, Petr"]
[Black "Kurmanbayev, Yerken"]
[Result "1-0"]
[WhiteElo "2465"]
[BlackElo "2197"]
[PlyCount "61"]
[EventDate "2014.12.01"]
[EventType "swiss"]
[EventRounds "9"]
[EventCountry "KAZ"]
[SourceTitle "EXT 2016"]
[Source "ChessBase"]
[SourceDate "2015.10.08"]
[SourceVersion "1"]
[SourceVersionDate "2015.10.08"]
[SourceQuality "1"]

1. c4 e5 2. g3 Nf6 3. Bg2 Nc6 4. Nf3 Bc5 5. Nc3 d6 6. d3 h6 7. 0-0 a5 8. e3 Bg4 9. h3 Bh5 10. a3 Nh7 11. Qb3 Rb8 12. Qb5 0-0 13. Ne1 Qd7 14. f4 f6 15. Kh2 Bg6 16. Bd2 Rfe8 17. Nd5 exf4 18. gxf4 Nf8 19. b4 Ba7 20. bxa5 Qd8 21. a6 Nd4 22. exd4 c6 23. Qa5 cxd5 24. Qxd8 Rbxd8 25. axb7 dxc4 26. Ba5 Rd7 27. dxc4 Bxd4 28. Rd1 Ba7 29. Bc6 Re2+ 30. Kg3 Rde7 31. Rxd6 1-0

[Event "KAZ-ch qual"]
[Site "Astana"]
[Date "2012.02.28"]
[Round "8"]
[White "Nukin, Ashat"]
[Black "Kurmanbayev, Yerken"]
[Result "1/2-1/2"]
[WhiteElo "2352"]
[BlackElo "2226"]
[PlyCount "50"]
[EventDate "2012.02.21"]
[EventType "swiss"]
[EventRounds "9"]
[EventCountry "KAZ"]
[SourceTitle "EXT 2014"]
[Source "ChessBase"]
[SourceDate "2013.11.20"]
[SourceVersion "1"]
[SourceVersionDate "2013.11.20"]
[SourceQuality "1"]

1. e4 c5 2. Nf3 d6 3. d4 cxd4 4. Nxd4 Nf6 5. Nc3 a6 6. Bc4 e6 7. Bb3 b5 8. 0-0 Be7 9. Qf3 Bb7 10. Bxe6 fxe6 11. Nxe6 Qd7 12. Nxg7+ Kd8 13. Nf5 b4 14. Nxe7 Qxe7 15. Bg5 Nbd7 16. Nd5 Bxd5 17. exd5 Qg7 18. Bh4 Rc8 19. Rfe1 Rc4 20. Bg3 Ne8 21. Re6 Nc5 22. Re3 Qg4 23. Qxg4 Rxg4 24. Rae1 h5 25. f3 Rc4 1/2-1/2

[Event "KAZ-ch qual"]
[Site "Astana"]
[Date "2012.02.24"]
[Round "4"]
[White "Lozhnikov, Vyacheslav"]
[Black "Kurmanbayev, Yerken"]
[Result "1-0"]
[WhiteElo "2304"]
[BlackElo "2226"]
[PlyCount "96"]
[EventDate "2012.02.21"]
[EventType "swiss"]
[EventRounds "9"]
[EventCountry "KAZ"]
[SourceTitle "EXT 2014"]
[Source "ChessBase"]
[SourceDate "2013.11.20"]
[SourceVersion "1"]
[SourceVersionDate "2013.11.20"]
[SourceQuality "1"]

1. d4 Nf6 2. c4 g6 3. Nc3 d5 4. e3 Bg7 5. Qb3 e6 6. Qa3 Nbd7 7. Nf3 c6 8. Be2 Bf8 9. Qb3 Bg7 10. 0-0 0-0 11. Qc2 b6 12. e4 dxe4 13. Nxe4 Nxe4 14. Qxe4 Bb7 15. Bg5 f6 16. Qxe6+ Kh8 17. Be3 Qc7 18. Qh3 Rae8 19. Bd3 f5 20. Bh6 Nf6 21. Rfe1 Ng4 22. Bxg7+ Qxg7 23. Qg3 c5 24. h3 Nf6 25. d5 Ne4 26. Bxe4 fxe4 27. Ng5 Qxb2 28. Qc7 Qg7 29. Qxg7+ Kxg7 30. Ne6+ Rxe6 31. dxe6 Kf6 32. Rad1 Kxe6 33. f3 Rf7 34. Rd2 Kf5 35. fxe4+ Ke5 36. Rd8 Re7 37. Rd2 Rf7 38. a3 Bc6 39. Red1 Rf4 40. Rd6 Bxe4 41. Rd7 Bc2 42. Re1+ Kf6 43. Rxa7 Rxc4 44. Ra6 Rd4 45. Rxb6+ Kg7 46. Rc1 Rd2 47. Rb2 Rd1+ 48. Rxd1 Bxd1 1-0

[Event "Pavlodar op"]
[Site "Pavlodar"]
[Date "2010.12.03"]
[Round "4"]
[White "Kurmanbayev, Yerken"]
[Black "Kostenko, Petr"]
[Result "0-1"]
[WhiteElo "2146"]
[BlackElo "2483"]
[PlyCount "60"]
[EventDate "2010.11.30"]
[EventType "swiss"]
[EventRounds "10"]
[EventCountry "KAZ"]
[SourceTitle "EXT 2012"]
[Source "ChessBase"]
[SourceDate "2011.11.24"]
[SourceVersion "1"]
[SourceVersionDate "2011.11.24"]
[SourceQuality "1"]

1. e4 c5 2. Ne2 e6 3. g3 d5 4. Bg2 dxe4 5. Nbc3 f5 6. 0-0 Nf6 7. d3 exd3 8. cxd3 Nc6 9. Nf4 Be7 10. Re1 Kf7 11. Nxe6 Bxe6 12. Rxe6 Kxe6 13. Qb3+ c4 14. Qxb7 Na5 15. Qf3 cxd3 16. Bd2 Qd7 17. Re1+ Kf7 18. Nd5 Nc6 19. Bc3 Rad8 20. Nxf6 Bxf6 21. Qxc6 Qxc6 22. Bxc6 Bxc3 23. bxc3 Rd6 24. Ba4 Rc8 25. c4 Kf6 26. Bb3 g5 27. Kf1 a5 28. Rc1 Rc5 29. Re1 g4 30. a4 Rb6 0-1